Menová politika ako jedna z príčin vzniku finančnej krízy

Medzinárodný rámec menovej politiky.Tendencie vo vývoji peňažnej zásoby a inflácie. Vývoj HDP a kapitalizácie na burzách. Menová politika v prizme finančnej krízy.

Saved in:
Bibliographic Details
Main Author: Nemec, Marián
Format: Book Chapter
Language:Slovak
Subjects:
Tags: Add Tag
No Tags, Be the first to tag this record!

MARC

LEADER 00000naa$a2200000$$$4500
001 0098752
005 20231011115942.8
041 0 |a slo 
044 |a SK 
245 1 0 |a Menová politika ako jedna z príčin vzniku finančnej krízy  |c Marián Nemec 
520 |a Medzinárodný rámec menovej politiky.Tendencie vo vývoji peňažnej zásoby a inflácie. Vývoj HDP a kapitalizácie na burzách. Menová politika v prizme finančnej krízy. 
610 2 0 |a politika menová 
610 2 0 |a kríza finančná 
610 2 0 |a inflácia 
610 2 0 |a politika hospodárska 
610 2 0 |a kurzy 
610 2 0 |a kapitalizácia 
100 1 |a Nemec, Marián